000
00418nam a2200133Ia 4500
008
151001s9999||||xx |||||||||||||| ||und||
100
_a
चूडराम बल्हारपूर
245
_a
महामृत्युंजय मार्कडेश्वर
250
_a
1
260
_b
सुयोग प्रकाशन पुणे
260
_c
2004
300
_a
127
365
_b
21
999
_c
985124
_d
985121